000 00778cam a22002773a 4500
001 32245
003 PGUSA
005 20140828083710.0
008 100504s2010||||xxu|||||s|||||000 1 eng d
040 _aPGUSA
_beng
042 _adc
050 4 _aPT
100 1 _aUndset, Sigrid,
_d1882-1949
245 1 0 _aJenny :
_bRoman
_h[electronic resource] /
_cSigrid Undset
260 _bProject Gutenberg,
_c2010
506 _aPublic domain in the USA.
516 _aElectronic text
653 _aIllegitimate children -- Fiction
653 _aYoung women -- Fiction
653 _aPainters -- Fiction
653 _aAdultery -- Fiction
653 _aArtists -- Fiction
830 0 _aProject Gutenberg
_v32245
856 4 0 _uhttp://www.gutenberg.org/ebooks/32245
942 _cEB
999 _c261500
_d261500